Statystyki dla Podział administracyjny powiatu bialskiego

Kliknij tutaj aby rozwiązać quiz!

Ogólne statystyki

  • Ten quiz został rozwiązany 14 razy
    (12 od ostatniego zresetowania)
  • Średni wynik to 6 z 21

Statystyki odpowiedzi

Odpowiedź% Poprawnych
Biała Podlaska
100%
Biała Podlaska
100%
Międzyrzec Podlaski
44%
Międzyrzec Podlaski
44%
Terespol
44%
Terespol
44%
Janów Podlaski
22%
Piszczac
22%
Piszczac
22%
Drelów
11%
Kodeń
11%
Konstantynów
11%
Leśna Podlaska
11%
Łomazy
11%
Rokitno
11%
Rossosz
11%
Sosnówka
11%
Tuczna
11%
Zalesie
11%
Sławatycze
0%
Wisznice
0%

Rozkład punktacji

Percentyl według liczby udzielonych odpowiedzi

Procent ludzi z każdym wynikiem

Twoja historia wyników

Nie rozwiązałeś tego quizu od ostatniego zresetowania